skbl

Dr Suryya Kumar Bhuyan Library Web-OPAC
ডঃ সূৰ্য্য
কুমাৰ ভূঞা পুথিভঁৰাল ৱেব-অ'পেক

All Research Scholars are advised to clear the annual library fees to continue using Library Resources, Remote Access, Plagiarism Test and Library Clearance.

Cotton University Book Fair 2026

Bhasa Sahitya Adhyayan / (Record no. 9391)

MARC details
000 -LEADER
fixed length control field 00837nam a2200325Ia 4500
001 - CONTROL NUMBER
control field 9404
005 - DATE AND TIME OF LATEST TRANSACTION
control field 20240113234204.0
007 - PHYSICAL DESCRIPTION FIXED FIELD--GENERAL INFORMATION
fixed length control field ta
008 - FIXED-LENGTH DATA ELEMENTS--GENERAL INFORMATION
fixed length control field 170221s1995 ii a g b000 u asm u
020 ## - INTERNATIONAL STANDARD BOOK NUMBER
International Standard Book Number 81-7339-098-3
040 ## - CATALOGING SOURCE
Original cataloging agency Cotton College,Assam
041 ## - LANGUAGE CODE
Language code of text/sound track or separate title asm
082 ## - DEWEY DECIMAL CLASSIFICATION NUMBER
Classification number 891.41408
Item number Ko 849 Bh
100 ## - MAIN ENTRY--PERSONAL NAME
Personal name Konwar, Aparna .
245 #0 - TITLE STATEMENT
Title Bhasa Sahitya Adhyayan /
Statement of responsibility, etc. Aparna Konwar.
Medium Textual Documents
250 ## - EDITION STATEMENT
Edition statement 1st ed. /
260 ## - PUBLICATION, DISTRIBUTION, ETC.
Place of publication, distribution, etc. Guwahati :
Name of publisher, distributor, etc. Banalata ,
Date of publication, distribution, etc. 1995.
300 ## - PHYSICAL DESCRIPTION
Extent 225p. :
Other physical details ill. ;
Dimensions 22cm .
653 ## - INDEX TERM--UNCONTROLLED
Uncontrolled term Assamese Essay-Collections
653 ## - INDEX TERM--UNCONTROLLED
Uncontrolled term MS-Assamese
653 ## - INDEX TERM--UNCONTROLLED
Uncontrolled term Assamese Language
653 ## - INDEX TERM--UNCONTROLLED
Uncontrolled term Assamese Literature
653 ## - INDEX TERM--UNCONTROLLED
Uncontrolled term G-Assamese
942 ## - ADDED ENTRY ELEMENTS (KOHA)
Source of classification or shelving scheme Dewey Decimal Classification
Koha item type Books
Holdings
Withdrawn status Lost status Damaged status Not for loan Home library Current library Date acquired Coded location qualifier Total checkouts Full call number Barcode Date last seen Copy number Price effective from Koha item type Date last checked out Total renewals Date due
        Dr. Suryya Kumar Bhuyan Library Dr. Suryya Kumar Bhuyan Library 01/02/2012 00000   891.41408 Ko 849 Bh 4898/As 13/01/2024 4 01/02/2012 Books      
        Dr. Suryya Kumar Bhuyan Library Dr. Suryya Kumar Bhuyan Library 01/02/2012 00000 1 891.41408 Ko 849 Bh 2309/As 02/03/2026 3 01/02/2012 Books 10/02/2026    
        Dr. Suryya Kumar Bhuyan Library Dr. Suryya Kumar Bhuyan Library 01/02/2012 00000 1 891.41408 Ko 849 Bh 2765/As 09/03/2026 1 01/02/2012 Books 24/02/2026    
        Dr. Suryya Kumar Bhuyan Library Dr. Suryya Kumar Bhuyan Library 01/02/2012 00000 4 891.41408 Ko 849 Bh 4897/As 26/02/2026 2 01/02/2012 Books 26/02/2026 2 19/03/2026

Designed and Maintained by Team SKBL
©1901-2026

Powered by Koha